Vista normal Vista MARC

Entrada Topical Term

Número de registros utilizados en: 1

001 - CONTROL NUMBER

  • control field: 10437

003 - CONTROL NUMBER IDENTIFIER

  • control field: OSt

005 - DATE AND TIME OF LATEST TRANSACTION

  • control field: 20200917182157.0

008 - FIXED-LENGTH DATA ELEMENTS

  • fixed length control field: 200917|| aca||aabn | a|a d

040 ## - CATALOGING SOURCE

  • Original cataloging agency: OSt
  • Transcribing agency: OSt

150 ## - HEADING--TOPICAL TERM

  • Topical term or geographic name entry element: Ciclismo
  • General subdivision: historia
  • Chronological subdivision: Siglos XX-XXI
  • Geographic subdivision: Colombia

670 ## - SOURCE DATA FOUND

  • Source citation: Work cat.: (OSt)4030: Silva Guzmán, Mauricio, autor 10436, La leyenda de los escarabajos : , 2017